000
00228nam a2200097Ia 4500
001
795259
005
20250826170724.0
008
250824s9999 xx 000 0 und d
245
0
_a
SADİST
_c
JOHN BURLEY
260
_b
PANAMA YAYINLARI
999
_c
795259
_d
795259